01425nam a2200349 a 4500001001200000003000800012006001900020007001500039008004100054010001700095020001500112040002100127035002000148050002500168082002200193100002300215245012300238260005800361300002500419504006400444533015200508650004100660650005000701650004200751650004600793650002500839655002900864700002000893710001700913856012600930999001901056ebr10160526CaPaEBRm u cr cn|||||||||050525s2006 enka sb 001 0 eng  z 2005049870 z0195301625 aCaPaEBRcCaPaEBR a(OCoLC)7925654414aHB172.5b.G66 2006eb04a339/.01/519222221 aGong, Gang,d1959-10aStochastic dynamic macroeconomicsh[electronic resource] :btheory and empirical evidence /cGang Gong, Willi Semmler. aOxford ;aNew York :bOxford University Press,c2006. aviii, 202 p. :bill. aIncludes bibliographical references (p. 189-199) and index. aElectronic reproduction.bPalo Alto, Calif. :cebrary,d2013.nAvailable via World Wide Web.nAccess may be limited to ebrary affiliated libraries. 0aMacroeconomicsxMathematical models. 0aEquilibrium (Economics)xMathematical models. 0aBusiness cyclesxMathematical models. 0aKeynesian economicsxMathematical models. 0aStochastic analysis. 7aElectronic books.2local1 aSemmler, Willi.2 aebrary, Inc.40uhttp://site.ebrary.com/lib/rucke/Doc?id=10160526zAn electronic book accessible through the World Wide Web; click to view c132998d132998